[Event "2021 FIDE Online Olympiad"]
[Site "Chess.com"]
[Date "2021.09.02"]
[Round "1"]
[Board "3"]
[White "Gong, Qianyun"]
[Black "Zairbek kyzy, Begimai"]
[Result "1-0"]
[WhiteElo "2322"]
[BlackElo "1649"]
[PlyCount "115"]
[EventDate "2021.09.02"]
[EventType "team"]
[EventRounds "9"]
[EventCountry "FID"]
[WhiteTeam "Singapore"]
[BlackTeam "Kyrgyzstan"]

1. d4  d5  2. Nc3  e6  3. e4  dxe4  4. Nxe4  Nf6  5. Bd3  Be7  6. Nf3  Nbd7  7. c3  Nxe4  8. Bxe4  Nf6  9. Bd3  O-O  10. O-O  c5  11. dxc5  Bxc5  12. Qc2  h6  13. b4  Bd6  14. Bb2  Bd7  15. Rfd1  Qe7  16. a3  Rac8  17. Qe2  Ba4  18. Re1  Nd5  19. Qe4  Nf6  20. Qe3  a6  21. c4  Bc6  22. h3  b5  23. c5  Bb8  24. Ne5  Ba8  25. a4  Nd5  26. Qd4  f6  27. Ng6  Qc7  28. g3  Rfe8  29. axb5  Rcd8  30. c6  Ba7  31. Qg4  f5  32. Qf3  axb5  33. Bxb5  Nxb4  34. Qb3  Bxc6  35. Bxc6  Nxc6  36. Rxe6  Kh7  37. Nf4  Rb8  38. Qc2  Qb6  39. Qxf5+  Kg8  40. Rxe8+  Rxe8  41. Nd3  Rf8  42. Qe6+  Kh8  43. Rxa7  Qxa7  44. Qxh6+  Kg8  45. Qxc6  Rd8  46. Qe6+  Kh8  47. Qe4  Qd7  48. Nf4  Qd1+  49. Kg2  Qd7  50. Ng6+  Kg8  51. Ne7+  Kf8  52. Nf5  g6  53. Ne3  Qf7  54. Qe5  Rd2  55. Qb8+  Ke7  56. Ba3+  Ke6  57. Qb3+  Kf6  58. Qc3+   1-0

[Event "2021 FIDE Online Olympiad"]
[Site "Chess.com"]
[Date "2021.09.02"]
[Round "1"]
[Board "4"]
[White "Alymbai kyzy, Aizhan"]
[Black "Liu, Yang Hazel"]
[Result "0-1"]
[WhiteElo "1811"]
[BlackElo "2065"]
[PlyCount "72"]
[EventDate "2021.09.02"]
[EventType "team"]
[EventRounds "9"]
[EventCountry "FID"]
[WhiteTeam "Kyrgyzstan"]
[BlackTeam "Singapore"]

1. e4  c5  2. c3  d5  3. exd5  Qxd5  4. d4  Nf6  5. Nf3  Nc6  6. Na3  cxd4  7. Nb5  Qd8  8. Nbxd4  Nxd4  9. Qxd4  Qxd4  10. Nxd4  Bd7  11. Bc4  Rc8  12. Bb3  e5  13. Nf3  Bd6  14. O-O  O-O  15. Re1  e4  16. Ng5  Bc6  17. Be3  b6  18. Rad1  Be5  19. Bd4  Rce8  20. Bxe5  Rxe5  21. Rd6  Ba8  22. Nxf7  Rxf7  23. Rd8+  Re8  24. Red1  Kf8  25. Bxf7  Kxf7  26. Rxe8  Kxe8  27. Rd4  Ke7  28. h3  Bc6  29. b3  Nd7  30. Kh2  Ne5  31. Kg3  Nf7  32. Rc4  Kd7  33. Rd4+  Nd6  34. a3  Ke6  35. c4  Nf5+  36. Kf4  Nxd4   0-1

[Event "2021 FIDE Online Olympiad"]
[Site "Chess.com"]
[Date "2021.09.02"]
[Round "1"]
[Board "5"]
[White "Wong, Zhenyong Jayden"]
[Black "Degenbaev, Aziz"]
[Result "0-1"]
[WhiteElo "1711"]
[BlackElo "1795"]
[PlyCount "70"]
[EventDate "2021.09.02"]
[EventType "team"]
[EventRounds "9"]
[EventCountry "FID"]
[WhiteTeam "Singapore"]
[BlackTeam "Kyrgyzstan"]

1. c4  f5  2. g3  Nf6  3. Bg2  g6  4. d4  Bg7  5. Nc3  O-O  6. Nf3  d6  7. O-O  Qe8  8. d5  Na6  9. Rb1  Bd7  10. b4  c6  11. dxc6  bxc6  12. a3  Rb8  13. Bb2  h6  14. Qa4  Qc8  15. c5  d5  16. Ne5  Be8  17. Rfd1  g5  18. e3  Ne4  19. Nxe4  fxe4  20. Bf1  Qf5  21. Qxa6  Bxe5  22. Bxe5  Qxe5  23. Qxa7  Bh5  24. Rd2  Ra8  25. Qd7  Be8  26. Qb7  Rxa3  27. b5  Qf6  28. b6  d4  29. Re1  dxe3  30. fxe3  Rxe3  31. Bc4+  Bf7  32. Rf1  Rf3  33. Rxf3  Qxf3  34. Qa6  Qe3+  35. Rf2  Qxf2+   0-1

[Event "2021 FIDE Online Olympiad"]
[Site "Chess.com"]
[Date "2021.09.02"]
[Round "1"]
[Board "6"]
[White "Abaeva, Aiana"]
[Black "Hng, Mei-En Emmanuelle"]
[Result "0-1"]
[WhiteElo "1340"]
[BlackElo "1634"]
[PlyCount "92"]
[EventDate "2021.09.02"]
[EventType "team"]
[EventRounds "9"]
[EventCountry "FID"]
[WhiteTeam "Kyrgyzstan"]
[BlackTeam "Singapore"]

1. e4  d6  2. d4  Nf6  3. Nc3  g6  4. f3  Bg7  5. Be3  O-O  6. Qd2  Nc6  7. O-O-O  a6  8. Bh6  b5  9. g4  e5  10. d5  Na5  11. h4  Bd7  12. h5  Rb8  13. Bxg7  Kxg7  14. hxg6  fxg6  15. Qh6+  Kg8  16. Nge2  Qe7  17. Ng3  Qg7  18. Qe3  Bxg4  19. fxg4  Nxg4  20. Qe2  Nf2  21. Bh3  Qh6+  22. Kb1  Nxh1  23. Be6+  Kh8  24. Rxh1  Qf4  25. Qh2  Rf7  26. Bxf7  Qxf7  27. Rf1  Qe7  28. Qf2  Nc4  29. Nd1  Kg7  30. Ne3  Nxe3  31. Qxe3  Rf8  32. Rxf8  Qxf8  33. b3  Qf4  34. Qg1  Kf7  35. Qh2  h5  36. Qg1  h4  37. Ne2  Qxe4  38. Qf2+  Kg7  39. Nc3  Qd4  40. Qxd4  exd4  41. Ne2  h3  42. Ng3  Kf6  43. Kc1  Ke5  44. Kd2  Kf4  45. Nh1  Kf3  46. Kd3  Kg2   0-1

[Event "2021 FIDE Online Olympiad"]
[Site "Chess.com"]
[Date "2021.09.02"]
[Round "1"]
[Board "1"]
[White "Megaranto, Susanto"]
[Black "Delaney, Killian"]
[Result "1-0"]
[WhiteElo "2517"]
[BlackElo "2132"]
[PlyCount "91"]
[EventDate "2021.09.02"]
[EventType "team"]
[EventRounds "9"]
[EventCountry "FID"]
[WhiteTeam "Indonesia"]
[BlackTeam "Ireland"]

1. d4  d5  2. Nf3  Nc6  3. Bf4  Bg4  4. e3  e6  5. Be2  Bd6  6. Bg3  Nf6  7. O-O  O-O  8. Nbd2  Bxg3  9. hxg3  Re8  10. c4  e5  11. dxe5  Nxe5  12. Nxe5  Bxe2  13. Qxe2  Rxe5  14. Nf3  Re4  15. cxd5  Qxd5  16. Rfd1  Qc4  17. Qd2  Qb4  18. Rac1  Qxd2  19. Nxd2  Re7  20. Nc4  c5  21. f3  Kf8  22. e4  Rc8  23. Kf2  Rd7  24. Rxd7  Nxd7  25. Rd1  Ke7  26. Nd6  Rc7  27. Nf5+  Kf8  28. g4  c4  29. Rh1  g6  30. Ne3  c3  31. Nd5  Rc5  32. Nxc3  b5  33. Rxh7  b4  34. Na4  Rc2+  35. Kg3  Nb6  36. Nxb6  axb6  37. Rh8+  Ke7  38. Rb8  Rc6  39. g5  Kd6  40. Rb7  Kc5  41. Rxf7  Kb5  42. Rf6  Rc2  43. b3  Rxa2  44. Rxg6  Ra3  45. Rf6  Rxb3  46. g6   1-0

[Event "2021 FIDE Online Olympiad"]
[Site "Chess.com"]
[Date "2021.09.02"]
[Round "1"]
[Board "2"]
[White "Jessel, Stephen"]
[Black "Priasmoro, Novendra"]
[Result "0-1"]
[WhiteElo "2294"]
[BlackElo "2312"]
[PlyCount "80"]
[EventDate "2021.09.02"]
[EventType "team"]
[EventRounds "9"]
[EventCountry "FID"]
[WhiteTeam "Ireland"]
[BlackTeam "Indonesia"]

1. Nf3  Nf6  2. c4  g6  3. b4  Bg7  4. Bb2  O-O  5. g3  d6  6. Bg2  e5  7. O-O  Nh5  8. Nc3  f5  9. d3  Nd7  10. Qb3  Kh8  11. e3  g5  12. Rad1  g4  13. Nd2  f4  14. exf4  exf4  15. Nd5  Ne5  16. Rfe1  c6  17. Nxf4  Rxf4  18. gxf4  Nxf4  19. Re3  Bf5  20. Ne4  Bxe4  21. Rxe4  Qg5  22. Kh1  Nxg2  23. Kxg2  Rf8  24. Bxe5  Bxe5  25. d4  Qf5  26. Qe3  Bf4  27. Qe2  Qh5  28. Rh1  d5  29. cxd5  cxd5  30. Re7  Rc8  31. Re6  Qh3+  32. Kg1  Rc1+  33. Qe1  Rxe1+  34. Rxe1  Qf3  35. Re7  h5  36. Re6  Kg7  37. Re7+  Kg6  38. Re6+  Kf7  39. Re1  h4  40. h3  gxh3   0-1

[Event "2021 FIDE Online Olympiad"]
[Site "Chess.com"]
[Date "2021.09.02"]
[Round "1"]
[Board "3"]
[White "Sukandar, Irine Kharisma"]
[Black "Kanyamarala, Trisha"]
[Result "1-0"]
[WhiteElo "2381"]
[BlackElo "1811"]
[PlyCount "119"]
[EventDate "2021.09.02"]
[EventType "team"]
[EventRounds "9"]
[EventCountry "FID"]
[WhiteTeam "Indonesia"]
[BlackTeam "Ireland"]

1. d4  Nf6  2. Bf4  d5  3. e3  e6  4. Nf3  c5  5. Nbd2  Nc6  6. c3  Bd6  7. Ne5  Qc7  8. Ndf3  Ne4  9. Bd3  f6  10. Nxc6  Bxf4  11. Nxa7  Rxa7  12. exf4  Qxf4  13. O-O  O-O  14. Qc2  b6  15. Rfe1  Bb7  16. a3  Rc8  17. dxc5  bxc5  18. Bxe4  dxe4  19. Nd2  f5  20. Rad1  Qg5  21. Nc4  Ba8  22. Qd2  Qf6  23. Qd6  f4  24. Qe5  Qg6  25. Qxf4  Rf8  26. Qg3  Qf6  27. Nd6  Rd8  28. Nc4  Rad7  29. Rxd7  Rxd7  30. Nb6  Rd8  31. Nxa8  Rxa8  32. Rxe4  Rd8  33. h3  h6  34. Qe3  Rd6  35. Qxc5  Rd1+  36. Kh2  Rd2  37. Qc8+  Kh7  38. Qxe6  Qxf2  39. Rg4  Qf8  40. Qg6+  Kh8  41. Re4  Qb8+  42. Qg3  Qa8  43. Re7  Qf8  44. Rb7  Kh7  45. a4  Rd1  46. a5  Rd6  47. Rxg7+  Qxg7  48. Qxd6  Qa7  49. a6  h5  50. Qc6  Qb8+  51. Kh1  Qf4  52. Qd7+  Kh6  53. Qe6+  Kh7  54. Qe1  Qa4  55. Qe2  Kh6  56. Qe3+  Kg6  57. a7  h4  58. Qd3+  Kg5  59. Qd5+  Kg6  60. a8=Q   1-0

[Event "2021 FIDE Online Olympiad"]
[Site "Chess.com"]
[Date "2021.09.02"]
[Round "1"]
[Board "4"]
[White "Ferguson, Dayna"]
[Black "Aulia, Medina Warda"]
[Result "0-1"]
[WhiteElo "1374"]
[BlackElo "2344"]
[PlyCount "78"]
[EventDate "2021.09.02"]
[EventType "team"]
[EventRounds "9"]
[EventCountry "FID"]
[WhiteTeam "Ireland"]
[BlackTeam "Indonesia"]

1. d4  e6  2. Nf3  Nf6  3. Bf4  d5  4. e3  Bd6  5. Bg3  O-O  6. Be2  c5  7. c3  Nc6  8. Nbd2  Re8  9. Bb5  Bxg3  10. hxg3  Qb6  11. Bxc6  bxc6  12. Qc2  Ba6  13. Nb3  cxd4  14. cxd4  Rab8  15. Ne5  h6  16. Qxc6  Bc4  17. Qxb6  Rxb6  18. Nd2  Rxb2  19. Ndxc4  dxc4  20. Nxc4  Rb4  21. Ne5  Ne4  22. O-O  Rb2  23. Nd3  Rd2  24. Rfd1  Rc2  25. a4  Nc3  26. Rf1  Rb8  27. Kh1  Ne4  28. Rac1  Rd2  29. Rcd1  Ra2  30. Ra1  Rxa1  31. Rxa1  Rb3  32. Nc5  Nxf2+  33. Kg1  Rb2  34. Rf1  Ng4  35. e4  Rd2  36. Nb3  Rb2  37. Nc5  Ne3  38. Rf2  Rb1+  39. Kh2  Ng4+   0-1

[Event "2021 FIDE Online Olympiad"]
[Site "Chess.com"]
[Date "2021.09.02"]
[Round "1"]
[Board "5"]
[White "Tarigan, Gilbert Elroy"]
[Black "Kanyamarala, Tarun"]
[Result "1-0"]
[WhiteElo "2084"]
[BlackElo "2018"]
[PlyCount "119"]
[EventDate "2021.09.02"]
[EventType "team"]
[EventRounds "9"]
[EventCountry "FID"]
[WhiteTeam "Indonesia"]
[BlackTeam "Ireland"]

1. d4  f5  2. Bg5  g6  3. h4  Bg7  4. Nc3  Nc6  5. Nf3  h6  6. Bf4  Nf6  7. d5  e5  8. Nxe5  Nxe5  9. Bxe5  d6  10. Bf4  Nh5  11. Be3  Qf6  12. g3  f4  13. gxf4  O-O  14. Qd2  b5  15. a3  a5  16. Bg2  Bg4  17. Ne4  Qxb2  18. O-O  Bh8  19. Rab1  Qxa3  20. Rxb5  Rfb8  21. Rxb8+  Rxb8  22. Bd4  Bxd4  23. Qxd4  Qb2  24. Qd2  Ng7  25. Nc3  Qa3  26. Qd4  Qb4  27. Qd2  Kh7  28. Rb1  Qxb1+  29. Nxb1  Rxb1+  30. Kh2  Rb5  31. c4  Rc5  32. e4  Rxc4  33. Qxa5  Nh5  34. Qd2  Bd7  35. f3  Ba4  36. Qa2  Bb5  37. Qd2  Kg8  38. Bh3  Ba4  39. Be6+  Kh7  40. Qa5  Rc2+  41. Kg1  Be8  42. Qa8  Ng7  43. f5  gxf5  44. Bxf5+  Kg8  45. Bg6  Kf8  46. Qd8  Rc1+  47. Kg2  Rc2+  48. Kg1  Rc1+  49. Kf2  Rc2+  50. Ke3  Rc3+  51. Ke2  Rc2+  52. Kd3  Rg2  53. Qf6+  Kg8  54. Bxe8  Nxe8  55. Qe7  Ng7  56. Qxc7  Rg6  57. Ke3  Nh5  58. Qd8+  Kh7  59. Qd7+  Kg8  60. Qf5   1-0

[Event "2021 FIDE Online Olympiad"]
[Site "Chess.com"]
[Date "2021.09.02"]
[Round "1"]
[Board "6"]
[White "Putar, Lara"]
[Black "Latifah, Laysa"]
[Result "0-1"]
[WhiteElo "1516"]
[BlackElo "1917"]
[PlyCount "74"]
[EventDate "2021.09.02"]
[EventType "team"]
[EventRounds "9"]
[EventCountry "FID"]
[WhiteTeam "Ireland"]
[BlackTeam "Indonesia"]

1. d4  d5  2. c4  e6  3. Nf3  Nf6  4. g3  Bb4+  5. Bd2  Bxd2+  6. Qxd2  O-O  7. Bg2  b6  8. O-O  Bb7  9. Nc3  Na6  10. Rfd1  Qe7  11. Rac1  Rfd8  12. Qc2  Rac8  13. a3  dxc4  14. e4  c5  15. e5  Ne8  16. Nb5  cxd4  17. Nbxd4  Bd5  18. Ne2  h6  19. Nf4  Nc5  20. Nd4  Bxg2  21. Kxg2  Qb7+  22. Kg1  b5  23. Rd2  Nd3  24. Nfxe6  fxe6  25. Nxe6  Rd5  26. Rcd1  Rxe5  27. Nd4  a6  28. b3  Nd6  29. bxc4  bxc4  30. Qc3  Qe7  31. Kg2  Re8  32. Nf3  Re6  33. Nd4  Re4  34. Nf3  Kh8  35. Nh4  Rxh4  36. gxh4  Qe4+  37. Kf1  Qh1#   0-1

[Event "2021 FIDE Online Olympiad"]
[Site "Chess.com"]
[Date "2021.09.02"]
[Round "2"]
[Board "1"]
[White "Song, Raymond"]
[Black "O`Donnell, Conor"]
[Result "1-0"]
[WhiteElo "2254"]
[BlackElo "2184"]
[PlyCount "97"]
[EventDate "2021.09.02"]
[EventType "team"]
[EventRounds "9"]
[EventCountry "FID"]
[WhiteTeam "Chinese Taipei"]
[BlackTeam "Ireland"]

1. d4  d5  2. c4  c6  3. Nf3  Nf6  4. Qb3  dxc4  5. Qxc4  Bf5  6. g3  e6  7. Bg2  Be7  8. O-O  O-O  9. e3  Nbd7  10. Rd1  Bg6  11. Qe2  Qc7  12. Nc3  Ne4  13. Ne1  Nxc3  14. bxc3  e5  15. a4  Nf6  16. Bb2  Rfe8  17. Rdc1  a5  18. Nd3  Bh5  19. Qc2  e4  20. Nf4  Bf3  21. Bxf3  exf3  22. Qd1  g5  23. Nd3  g4  24. c4  Qd7  25. Rab1  Ne4  26. Ba1  h5  27. d5  Rab8  28. Ne5  Qd6  29. dxc6  bxc6  30. Rxb8  Rxb8  31. Qc2  f5  32. Rd1  Qe6  33. Nd3  Rd8  34. h4  Kh7  35. Nf4  Rxd1+  36. Qxd1  Qxc4  37. Qd7  Qc1+  38. Kh2  Qxa1  39. Qxf5+  Kg8  40. Qe6+  Kf8  41. Qxe4  Qf1  42. Qf5+  Kg8  43. Qg6+  Kh8  44. Qe8+  Kg7  45. Qxe7+  Kg8  46. Qe8+  Kg7  47. Nxh5+  Kh6  48. Qh8+  Kg6  49. Qf6+   1-0

[Event "2021 FIDE Online Olympiad"]
[Site "Chess.com"]
[Date "2021.09.02"]
[Round "2"]
[Board "2"]
[White "Jessel, Stephen"]
[Black "Liu, Yeh Yang"]
[Result "1-0"]
[WhiteElo "2294"]
[BlackElo "2004"]
[PlyCount "137"]
[EventDate "2021.09.02"]
[EventType "team"]
[EventRounds "9"]
[EventCountry "FID"]
[WhiteTeam "Ireland"]
[BlackTeam "Chinese Taipei"]

1. Nf3  c5  2. c4  g6  3. d4  cxd4  4. Nxd4  Bg7  5. e4  Nc6  6. Be3  Nf6  7. Nc3  Ng4  8. Qxg4  Nxd4  9. Qd1  Ne6  10. Rc1  O-O  11. Bd3  d6  12. O-O  Nc5  13. Bb1  Be6  14. Bd4  Bh6  15. Nd5  Bxc1  16. Qxc1  f6  17. Qh6  Rf7  18. f4  Bxd5  19. exd5  Qf8  20. Qh3  Qc8  21. g4  a5  22. Qg3  a4  23. h4  b5  24. f5  Rg7  25. g5  Nd7  26. fxg6  Qxc4  27. Qe3  Ne5  28. Rc1  Qxd4  29. gxh7+  Kh8  30. Qxd4  Nf3+  31. Kf2  Nxd4  32. g6  e5  33. dxe6  Nxe6  34. h5  Nf4  35. Kf3  Nxh5  36. Kg4  Re7  37. Kxh5  Re2  38. Rc7  Rh2+  39. Kg4  Rg2+  40. Kf5  Rf8  41. Ke6  f5  42. Bxf5  Re2+  43. Kxd6  Rd8+  44. Kc6  Rg2  45. Rf7  b4  46. Kb5  a3  47. b3  Rb8+  48. Kc5  Rg5  49. Kc4  Rg3  50. Kc5  Rg5  51. Kd6  Rd8+  52. Ke7  Rb8  53. Kf6  Rxf5+  54. Kxf5  Rb5+  55. Kf4  Rb8  56. Kg4  Rd8  57. Rf5  Kg7  58. Kg5  Rd7  59. Rb5  Rd8  60. Rb7+  Kh8  61. Rxb4  Rd5+  62. Kg4  Rd8  63. Ra4  Kg7  64. Ra6  Rd4+  65. Kf5  Rd5+  66. Ke4  Rh5  67. Ra8  Kxg6  68. h8=Q  Rxh8  69. Rxh8   1-0

[Event "2021 FIDE Online Olympiad"]
[Site "Chess.com"]
[Date "2021.09.02"]
[Round "2"]
[Board "3"]
[White "Chen, Chi"]
[Black "Kanyamarala, Trisha"]
[Result "0-1"]
[WhiteElo "1353"]
[BlackElo "1811"]
[PlyCount "114"]
[EventDate "2021.09.02"]
[EventType "team"]
[EventRounds "9"]
[EventCountry "FID"]
[WhiteTeam "Chinese Taipei"]
[BlackTeam "Ireland"]

1. d4  Nf6  2. Nf3  e6  3. c4  d5  4. Nc3  Bb4  5. Qb3  Bxc3+  6. Qxc3  h6  7. Qa3  Qe7  8. Qxe7+  Kxe7  9. Bf4  c6  10. cxd5  exd5  11. h3  Be6  12. e3  Nbd7  13. b4  Ne4  14. Bd3  Nd6  15. O-O  a5  16. a3  axb4  17. axb4  Nb6  18. Nd2  g5  19. Bg3  f5  20. Be5  Rhg8  21. Nb3  Nbc4  22. Bh2  b6  23. Rfc1  h5  24. Be2  h4  25. Rxa8  Rxa8  26. Ra1  Rxa1+  27. Nxa1  Ne4  28. Nc2  g4  29. hxg4  fxg4  30. Bc7  b5  31. Ne1  Nc3  32. Bd3  Na2  33. Nc2  Nc1  34. Bf1  Bf5  35. Ne1  Na2  36. Bf4  Nxb4  37. Bg5+  Kd7  38. Bxh4  Na2  39. Bg5  b4  40. Bd3  Bxd3  41. Nxd3  Ke8  42. Nc5  Nd2  43. Kh2  b3  44. Nd3  Nc4  45. Kg3  Nb4  46. Nxb4  b2  47. Nxc6  b1=Q  48. Kxg4  Qe4+  49. Bf4  Qg6+  50. Kf3  Qxc6  51. g4  Nd2+  52. Kg3  Ne4+  53. Kh4  Nxf2  54. g5  Qe6  55. Kh5  Kf7  56. g6+  Qxg6+  57. Kh4  Qg4#   0-1

[Event "2021 FIDE Online Olympiad"]
[Site "Chess.com"]
[Date "2021.09.02"]
[Round "2"]
[Board "4"]
[White "Ferguson, Dayna"]
[Black "Shih, Ching-An"]
[Result "0-1"]
[WhiteElo "1374"]
[BlackElo "1680"]
[PlyCount "106"]
[EventDate "2021.09.02"]
[EventType "team"]
[EventRounds "9"]
[EventCountry "FID"]
[WhiteTeam "Ireland"]
[BlackTeam "Chinese Taipei"]

1. d4  d5  2. Bf4  Nf6  3. e3  c6  4. c4  e6  5. Nc3  Nbd7  6. Nf3  Be7  7. Be2  O-O  8. Bg5  h6  9. Bh4  dxc4  10. Bxc4  b5  11. Bd3  Bb7  12. O-O  a6  13. a4  Rc8  14. axb5  cxb5  15. Qe2  Qb6  16. Ne5  Rfe8  17. f3  Nxe5  18. dxe5  Nd5  19. Nxd5  Bxd5  20. Bf2  Bc5  21. Rac1  Qb8  22. f4  Bb7  23. Kh1  Red8  24. Rfd1  Qa8  25. Qf1  Qa7  26. Re1  b4  27. Be2  a5  28. Bf3  Bxf3  29. gxf3  Bb6  30. Rc4  Rxc4  31. Qxc4  Qb7  32. Qe2  Qd5  33. e4  Qc6  34. Bxb6  Qxb6  35. b3  Qc5  36. Qg2  Qc3  37. Rg1  g6  38. f5  Rd2  39. Qg3  g5  40. fxe6  fxe6  41. h4  Rd3  42. Qg4  Rxf3  43. Qxe6+  Kg7  44. Qe7+  Rf7  45. Qe6  Qf3+  46. Kh2  Qf4+  47. Rg3  Qf2+  48. Rg2  Qxh4+  49. Kg1  Qxe4  50. Rh2  Qe1+  51. Kg2  Rf2+  52. Kh3  Qe3+  53. Kg4  Qf3#   0-1

[Event "2021 FIDE Online Olympiad"]
[Site "Chess.com"]
[Date "2021.09.02"]
[Round "2"]
[Board "5"]
[White "Bai, Adelard"]
[Black "Kanyamarala, Tarun"]
[Result "1/2-1/2"]
[WhiteElo "1720"]
[BlackElo "2018"]
[PlyCount "83"]
[EventDate "2021.09.02"]
[EventType "team"]
[EventRounds "9"]
[EventCountry "FID"]
[WhiteTeam "Chinese Taipei"]
[BlackTeam "Ireland"]

1. d4  Nf6  2. Nf3  e6  3. Bf4  d5  4. e3  Bd6  5. Nbd2  O-O  6. Bd3  c5  7. Bxd6  Qxd6  8. dxc5  Qxc5  9. O-O  Nc6  10. a3  Rd8  11. b4  Qe7  12. b5  Na5  13. Ne5  Nd7  14. f4  Nf8  15. Qh5  f6  16. Ng4  Bd7  17. Nf3  Qe8  18. Qh4  Bxb5  19. Bxb5  Qxb5  20. Nd4  Qe8  21. Rf3  Nc6  22. Rg3  Ng6  23. Qh5  f5  24. Nxc6  bxc6  25. Nf2  Qe7  26. Nd3  Qf6  27. Rf1  Rab8  28. Rh3  Nf8  29. Ne5  Rd6  30. Rg3  Rb2  31. c4  c5  32. Qe8  Rd8  33. Qc6  Qe7  34. h3  Rb6  35. Qa4  Qb7  36. Rd1  Nd7  37. Nxd7  Rxd7  38. cxd5  exd5  39. Qc2  Qc6  40. Qxf5  g6  41. Qe5  Qe6  42. Rg5   1/2-1/2

[Event "2021 FIDE Online Olympiad"]
[Site "Chess.com"]
[Date "2021.09.02"]
[Round "2"]
[Board "6"]
[White "Putar, Lara"]
[Black "Weng, Yu-Hsin"]
[Result "1-0"]
[WhiteElo "1516"]
[BlackElo "1000"]
[PlyCount "73"]
[EventDate "2021.09.02"]
[EventType "team"]
[EventRounds "9"]
[EventCountry "FID"]
[WhiteTeam "Ireland"]
[BlackTeam "Chinese Taipei"]

1. d4  e6  2. c4  Nf6  3. Nf3  b6  4. g3  Bb7  5. Bg2  Be7  6. O-O  O-O  7. Nc3  Ne4  8. Qc2  Nxc3  9. bxc3  d6  10. Ng5  Bxg5  11. Bxb7  Bf6  12. Bxa8  c6  13. Qa4  Qc7  14. c5  dxc5  15. Bf4  e5  16. dxe5  Bxe5  17. Bxe5  Qxe5  18. Qxa7  b5  19. a4  Qxe2  20. Qxc5  Rc8  21. axb5  Qxb5  22. Qxb5  cxb5  23. Bb7  Rd8  24. Ra8  g6  25. Rb1  Kg7  26. Bf3  Rd3  27. Be4  Rd8  28. Kg2  f5  29. Bf3  g5  30. Rxb5  g4  31. Bd5  Rc8  32. Raxb8  Rxc3  33. R5b6  Rc5  34. R8b7+  Kf8  35. Rf7+  Ke8  36. Rb8+  Rc8  37. Rxc8#   1-0

[Event "2021 FIDE Online Olympiad"]
[Site "Chess.com"]
[Date "2021.09.02"]
[Round "2"]
[Board "1"]
[White "Tologontegin, Semetey"]
[Black "Megaranto, Susanto"]
[Result "0-1"]
[WhiteElo "2337"]
[BlackElo "2517"]
[PlyCount "74"]
[EventDate "2021.09.02"]
[EventType "team"]
[EventRounds "9"]
[EventCountry "FID"]
[WhiteTeam "Kyrgyzstan"]
[BlackTeam "Indonesia"]

1. d4  Nf6  2. c4  e6  3. Nc3  Bb4  4. e3  c5  5. Ne2  d5  6. a3  Bxc3+  7. Nxc3  cxd4  8. exd4  dxc4  9. Bxc4  Nc6  10. Be3  O-O  11. O-O  b6  12. Qf3  Bb7  13. Qg3  Ne7  14. Bd3  Nfd5  15. Bg5  f6  16. Bh6  Rf7  17. Bd2  Qd7  18. Rfe1  Nf5  19. Qh3  h6  20. Rad1  Rd8  21. Bb1  Nde7  22. Ba2  Nd5  23. Bc1  Kf8  24. Ne2  Rc8  25. Ng3  Nxg3  26. hxg3  f5  27. g4  fxg4  28. Qxg4  Rf6  29. Re2  Qf7  30. Rde1  Rg6  31. Qh3  Rxc1  32. Rxc1  Nf4  33. Qe3  Nxg2  34. Qe5  Ne3+  35. Kh2  Rg2+  36. Kh3  Qf3+  37. Kh4  Qg4#   0-1

[Event "2021 FIDE Online Olympiad"]
[Site "Chess.com"]
[Date "2021.09.02"]
[Round "2"]
[Board "2"]
[White "Priasmoro, Novendra"]
[Black "Abdyjapar, Asyl"]
[Result "1-0"]
[WhiteElo "2312"]
[BlackElo "2390"]
[PlyCount "47"]
[EventDate "2021.09.02"]
[EventType "team"]
[EventRounds "9"]
[EventCountry "FID"]
[WhiteTeam "Indonesia"]
[BlackTeam "Kyrgyzstan"]

1. e4  c6  2. d4  d5  3. Nd2  dxe4  4. Nxe4  Nf6  5. Nxf6+  exf6  6. c3  Bd6  7. Bd3  O-O  8. Qc2  Re8+  9. Ne2  h5  10. O-O  h4  11. Bf4  Bxf4  12. Nxf4  Nd7  13. Rfe1  Nf8  14. Qd2  Ne6  15. Re2  Qd6  16. Rae1  Bd7  17. Nxe6  Rxe6  18. Bc4  Rxe2  19. Rxe2  Re8  20. Rxe8+  Bxe8  21. Qe3  Bd7  22. Qe4  g5  23. Qg6+  Kh8  24. Qxf7   1-0

[Event "2021 FIDE Online Olympiad"]
[Site "Chess.com"]
[Date "2021.09.02"]
[Round "2"]
[Board "3"]
[White "Zairbek kyzy, Begimai"]
[Black "Sukandar, Irine Kharisma"]
[Result "0-1"]
[WhiteElo "1649"]
[BlackElo "2381"]
[PlyCount "62"]
[EventDate "2021.09.02"]
[EventType "team"]
[EventRounds "9"]
[EventCountry "FID"]
[WhiteTeam "Kyrgyzstan"]
[BlackTeam "Indonesia"]

1. e4  e5  2. Nf3  d6  3. Bc4  Be7  4. O-O  Nf6  5. d3  O-O  6. h3  Be6  7. Bb3  Re8  8. Re1  Nbd7  9. Nbd2  Nf8  10. Nf1  Ng6  11. Ng3  c6  12. d4  Bf8  13. Bg5  exd4  14. Nxd4  Bxb3  15. axb3  h6  16. Bd2  d5  17. exd5  Qxd5  18. Ndf5  Rad8  19. Bc3  Rxe1+  20. Qxe1  Nf4  21. Ne3  Qe6  22. Rxa7  b5  23. b4  Ne4  24. Nxe4  Qxe4  25. f3  Qg6  26. Kh2  Re8  27. g3  Nd5  28. Bd2  Nxe3  29. Bxe3  Qxc2+  30. Qf2  Qd1  31. Rc7  Qd3   0-1